| 000 | 00423nam a2200157Ia 4500 | ||
|---|---|---|---|
| 008 | 210719s2005 xx 000 0 und d | ||
| 041 | _aeng | ||
| 082 | _aK894.1 VIRS | ||
| 100 | _aVIRAPPA MOYILI (Em) | ||
| 245 | _aShri Ramayana mahanveshanam: panchama sopana. Vol.5. | ||
| 260 |
_aBengaluru _bMaaheshvari Prakashana _c2005 |
||
| 300 |
_aLxxvii,632 _bHB |
||
| 365 |
_b350 _cRs |
||
| 440 | _v5 | ||
| 650 | _aKannada Poetry | ||
| 999 |
_c214067 _d214067 |
||